000 00752nam a2200241 i 4500
001 170114
003 ES-MaACL
005 20250827231411.0
008 090202s1973 fr |||| | fre d
080 _a1 Pirrón de Elea
080 _a165.72
100 0 _aConche, Marcel.
_940079
245 1 0 _aPyrrhon ou l'apparence /
_cpar Marcel Conche.
260 _aVillers-sur-Mer :
_bÉditions de Mégare,
_c1973.
300 _a169 p. ;
_c24 cm.
500 _aÍndice.
504 _aBibliografía.
594 _aAntes del tít.: La mort et l'apparence.
600 0 4 _aPirrón de Elea.
_992354
650 0 7 _aEscepticismo
_2embne
_912353
852 4 _aES-MaACL
_jE-12406
_9R.139414
_z. - Biblioteca Jacinto Martínez Lacalle
999 _c170114
_d170114